000 00538nam a2200205Ia 4500
005 20250923144426.0
008 008 250917s9999 xx 000 0 eng d
037 _aReference
040 _aDSWL
_beng
_cDSWL
041 _aeng
_2eng
084 _qDSWL
100 _aKelly, Thomas
_9824778
245 0 _aSocial bibliography of adult education in Great Britain
_cby Thomas Kelly
260 _aLondon
_c1952
300 _a84 p.
365 _aINR
_b12.6
925 _g12.6
942 _cREF
999 _c1438716
_d1438716